00371nam a2200133Ia 4500008004100000041000800041082001400049100003000063245006100093250000800154260004700162300000600209650002200215230711s9999||||xx |||||||||||||| ||und|| aENG a624bBU-I aBureau of Indian Standard 0aSI : 2720 1992bIndian standard methods of test for soil a1st c1992aNew DelhibBureau of Indian Standard a2 aCivil Engineering